Представление документа в формате RUSMARC

ПолеНазваниеЗначение
  Тип записи a
  Библиографический уровень a
001 Контрольный номер RU/CBS_Ul/BASE/483046338
005 Дата корректировки 20240209175147.5
100 Данные общей обработки __
a Данные общей обработки 20150422d2015 ||| 0rusy0189 ca
101 Язык документа 0_
a Язык текста rus
102 Страна публикации __
a Страна публикации RU
105 Кодированные данные (монография) __
a Кодированные данные (монография) y###||||000|y
200 Заглавие и сведения об ответственности 1_
a Заглавие Сергей Параджанов: встречи
b Общее обозначение материала Текст
e Сведения, относящиеся к заглавию [о кинорежиссере, сценаристе С. Параджанове]
f Первые сведения об ответственности В. Баженов
300 Общие примечания __
a Общие примечания Ограничения по возрасту - 16+
461 Уровень набора _0
1 2000
a Знамя
463 Уровень физической единицы _0
1 001RU/CBS_Ul/BASE/475669974
1 2000
a №1
v С. 143-162.
1 210
d 2015
600 Персоналии _0
a Персоналии (Фамилия) Параджанов
b Персоналии (Имя, инициалы) С. И.
606 Тематические рубрики 0_
a Основная рубрика Кино в СССР - 20 в.
606 Тематические рубрики 0_
a Основная рубрика Параджанов, Сергей Иосифович (1924-1990)
610 Ключевые слова 0_
a Ключевые слова киноискусство советское
a Ключевые слова сценаристы
a Ключевые слова режиссеры
a Ключевые слова воспоминания
a Ключевые слова кинематограф
a Ключевые слова советский кинематограф
686 Индексы других классификаций __
a Классификационный индекс 85.373(2)
2 Код системы ББК
700 Автор _1
a Фамилия Баженов
b Имя (инициалы) В.
801 Источник записи _0
a Страна RU
b Организация МБУК ЦБС г. Ульяновска
c Дата составления 20150422
g Правила каталогизации RCR
801 Источник записи _1
a Страна RU
b Организация МБУК ЦБС г. Ульяновска
c Дата составления 20150422
g Правила каталогизации RCR
901 Тип документа __
t Тип документа b
w Контрольный № источника RU/CBS_Ul/BASE/475669974
910 Корректоры записи __
a Корректор записи admin2
938 Служебная информация __
a Имя БД period